000 00631nam a2200205Ii 4500
003 JO-AjNU
008 230605s9999||||xx |||||||||||||| ||und||
017 _a2007/3/766
040 _aJO-AjNU
_bara
_erda
_cJO-AjNU
041 _aara
050 1 4 _aPJ7804.A126.N52 2007
100 3 _aتأليف عبدالعال،عبد الفتاح رمضان,
_eauthor
_912066
245 0 0 _aنداء الأرض
264 3 1 _aعمان:الرقي التربوي،2007
300 _a195ص
336 _atext
_btxt
_2rdacontent
337 _aunmediated
_bn
_2rdamedia
338 _avolume
_bnc
_2rdacarrier
650 4 _aالشعر العربي
_912067
999 _aA2649
_c6217
_d6217